000 01241cam a2200337 a 4500
001 1542800
003 OSt
005 20180116183022.0
008 910610s1992 nyu 000 1 eng
010 _a 91023214
020 _a0394573293 :
_c$23.95
040 _aDLC
_cDLC
_dDLC
_dOCoLC
_dDLC
043 _an-us---
_an-us-nb
050 0 0 _aPS3562.U26
_bR63 1992
082 0 0 _a813.54
_220
100 1 _aLudlum, Robert,
_d1927-2001.
245 1 4 _aThe road to Omaha .
_cRobert Ludlum.
250 _a1st ed.
260 _aNew York :
_bRandom House,
_cc1992.
300 _axv, 487 p. ;
_c25 cm.
650 0 _aIndians of North America
_xLegal status, laws, etc.
_xFiction.
651 0 _aOmaha (Neb.)
_xFiction.
655 7 _aAdventure stories.
_2gsafd
655 7 _aHumorous stories.
_2gsafd
655 7 _aLegal stories.
_2gsafd
856 4 2 _3Publisher description
_uhttp://www.loc.gov/catdir/description/random0412/91023214.html
856 4 2 _3Contributor biographical information
_uhttp://www.loc.gov/catdir/enhancements/fy0803/91023214-b.html
906 _a7
_bcbc
_corignew
_d1
_eocip
_f19
_gy-gencatlg
942 _2ddc
_cBK
_k813.54
999 _c350615
_d350615